00742nam a2200181 a 450000100100000000500170001000800410002704000250006811000580009324500700015126001000022130000260032150500650034709100150041204900090042795201070043699900170054300002561820200930023923.0110216s1997 xxub r 000 j spa d aDO-SdBNPbspacBNPHU aEcuador.bMinisterio de Relaciones Exteriores.95231010aPaz con dignidad /cEcuador. Ministerio de Relaciones Exteriores. aQuito :bMinisterio de Relaciones Exteriores :bFundación Dr. Cristobal Hurtado Matta,c1997. av. :bmapas ;c22 cm. gt.1tDocumentos del problema territorial ecuatoriano-Peruano axxxbC965p aBNGR 001050718MOaGRbGRcCTd2011-02-18iLF1l0ot.1p25618-10r2020-06-25w2020-06-25y1ZNo se presta c25110d25110